000
00307nam a22001337a 4500
008
170830b xxu||||| |||| 00| 0 eng d
020
_a
9780078771675
041
_a
eng
080
_a
070
100
_a
40
101
_a
MED
245
_a
SUCCRDING IN THE WORLD OF WORK
_c
KIMBRELL.G
942
_2
udc
_c
BK
999
_c
25638
_d
25638